000 02505cam a22004574i 4500
003 PE-LiUPU
005 20250731172912.0
008 150617s1973 mx a r 001 0 spa d
035 _a(Sirsi) a16925
040 _aPE-LiUPU
_bspa
_cPE-LiUPU
_erda
049 _aPRUA
082 0 4 _a270.4
_bR21
_221
100 1 _aRamos-Oliveira, Antonio,
_eautor.
245 1 4 _aLos Papas y los emperadores (La edad Media) /
_cAntonio Ramos-Oliveira.
264 1 _aMéxico :
_bEdiciones Oasis,
_c1973.
300 _a511 páginas :
_bilustraciones ;
_c23 centímetros
336 _atext
_2rdacontent
337 _aunmediated
_2rdamedia
338 _avolume
_2rdacarrier
504 _aÍndice : páginas 503-511.
505 0 _aPrimera parte: El imperio carolingio -- Cápitulo 1: Decadencia y fin del imperio romano -- Cápitulo 2: La conquista de Italia por los Bizantinos -- Capítulo 3: El fin de la guerra gótica -- Capítul 4: La intervención franca en Italia -- Capítulo 5: Carlomagno y la Iglesia -- Capítulo 6: La disolución del Imperio carolingio -- Segundo parte: El sacro imperio Romano-Germanico -- Los Otones -- Tercera parte: La iglesia y el imperio: La lucha por la supremacia -- Capítulo 1: Gregorio VII y Enrique IV -- Capítulo 2: Federico Barbarroja -- Capítulo 3: Inocencio III y Federico II -- Capítulo 4: Carlos de Anjou y los últimos Hohenstaufen -- Cuarta parte: La huidad a Aviñon -- Capítulo 1: Clemente V y Enrique VII -- Capítulo 2: Juan XXII, Benedicto XII y Clemente VI -- Capítulo 3: El cardenal Gil de Albornoz -- Quinta parte: El gran cisma -- Capítulo 1: La iglesia de los tres papas -- Capítulo 2: El concilio de Constanza -- Sexta parte: La vuelta de aviñon -- Capítulo 1: Martín V y Eugenio IV -- Capítulo 2: Nicolás V y Calixto III -- Capítulo 3: Pío II -- Capítulo 4: Paulo II y Sixto IV.
526 _aSEG42
526 _aSEG41
526 _aSEG40
526 _aSEG39
526 _aP94
526 _aP87
526 _aP86
526 _aP85
526 _aP77
526 _aP76
526 _aP35
650 0 4 _aIglesia
_xHistoria
_yEdad media.
650 0 4 _aPapado
_xHistoria.
910 _ajck
_bjvq
_cjck
_d20150616
942 _2ddc
_cBOOK
994 _aC0
_bPEPRU
596 _a1
999 _a270.4 R21
_wDEWEY
_c16447
_i14038
_d16447
_e2019-5-20
_f2021-11-11
_g5
_lCCODEBUL1
_mBUL
_n2
_p13.00
_q1
_r0
_sY
_tBOOK
_u2015-6-17
_xTEOLOGIA
_PP35
_0COMPRA
_o.STAFF. Colección Teología
980 _81
_gALBERTO SANCHEZ Responsable de Automatización